000 00869nam a2200241Ia 4500
999 _c56400
_d56400
005 20240530105506.0
008 140319s9999 xx 000 0 ara d
017 _bمصر. دار الكتب
040 _aGCL /
_cGCL
082 0 4 _a301.24
_bم م
_221
100 1 _aمحمد فايز عبدأسعيد
245 1 0 _aمدخل الى علم الاجتماع :
_bدراسة نظرية فى فهم المجتمع /
_cمحمد فايز عبدأسعيد
260 _c1984
300 _a111 ص ؛
_c25 سم
650 0 4 _aالمجتمع
_2qrmak
650 0 4 _aالعلوم الاجتماعية
_2qrmak
650 0 4 _aالتغير الاجتماعى
_2qrmak
650 0 4 _aالاجتماع، علم
_2qrmak
650 0 4 _aالاجتماع الدينى، علم
_2qrmak
650 0 4 _aالاجتماع السياسى، علم
_2qrmak
651 _2qrmak
942 _2ddc
_cBK